[Event "Jugend Mitropa Cup"]
[Site "Saint-Vincent"]
[Date "2001.09.15"]
[Round "1"]
[White "Berkes, F."]
[Black "Mogranzini, R."]
[Result "1-0"]
[WhiteElo "2525"]
[BlackElo "2104"]
[PlyCount "37"]

1. c4 Nf6 2. Nf3 g6 3. g3 Bg7 4. Bg2 O-O 5. O-O d6 6. d4 c5 7. Nc3 Nc6 8. dxc5
dxc5 9. Bf4 Be6 10. Ne5 Na5 11. Qc2 Nh5 12. Rfd1 Qc8 13. Nd5 Bxd5 14. cxd5 Nxf4
15. gxf4 Qc7 16. b4 f6 17. Nf3 f5 18. Rac1 Qxf4 19. bxa5 1-0

[Event "Jugend Mitropa Cup"]
[Site "Saint-Vincent"]
[Date "2001.09.15"]
[Round "1"]
[White "Santo-Roman, M."]
[Black "Vaculik, M."]
[Result "1/2-1/2"]
[WhiteElo "2426"]
[BlackElo "2144"]
[PlyCount "97"]

1. e4 e6 2. d4 d5 3. Nc3 Bb4 4. e5 c5 5. Bd2 Ne7 6. f4 Nf5 7. Nf3 cxd4 8. Nb5
Bc5 9. b4 Be7 10. Bd3 Nc6 11. a3 Qb6 12. g4 Nh4 13. Nd6+ Bxd6 14. Nxh4 Be7 15.
Nf3 h5 16. g5 g6 17. O-O Bd7 18. Be1 a6 19. Bf2 Qc7 20. Qe2 Na7 21. Nxd4 Ba4
22. c4 dxc4 23. Bxc4 Qd7 24. Qa2 Nb5 25. Nxb5 axb5 26. Be2 O-O 27. Rac1 Rac8
28. Qb2 Rcd8 29. Be3 Rc8 30. Kf2 Rxc1 31. Rxc1 Rc8 32. Qd4 Qe8 33. Rc3 Rxc3 34.
Qxc3 Qd7 35. Bf3 Bd8 36. Bc5 Qc7 37. Qd3 b6 38. Be3 Qc2+ 39. Be2 Qxd3 40. Bxd3
Kf8 41. Be4 Ke7 42. Bc6 Bc7 43. Kg3 Bd8 44. Kh4 Bc7 45. Bd4 Bd8 46. Bf3 Kf8 47.
Bc6 Ke7 48. Bb7 Bc7 49. Kg3 1/2-1/2

[Event "Jugend Mitropa Cup"]
[Site "Saint-Vincent"]
[Date "2001.09.15"]
[Round "1"]
[White "Kuemin, S."]
[Black "Guidarelli, L."]
[Result "1-0"]
[WhiteElo "2313"]
[BlackElo "2323"]
[PlyCount "65"]

1. d4 Nf6 2. c4 c5 3. d5 b5 4. cxb5 a6 5. bxa6 g6 6. Nc3 Bxa6 7. e4 Bxf1 8.
Kxf1 d6 9. Nf3 Bg7 10. h3 O-O 11. Kg1 Nbd7 12. Kh2 Qa5 13. Re1 Rfb8 14. Re2 Ne8
15. Rc2 Nc7 16. Bg5 Kf8 17. Rac1 Rb4 18. Re2 Ne5 19. Nxe5 Bxe5+ 20. f4 Bg7 21.
e5 f6 22. exf6 exf6 23. Bh4 Nb5 24. Nxb5 Qxb5 25. b3 Rd4 26. Qc2 Qb7 27. Bf2
Rxf4 28. Bg3 Bh6 29. Qd2 Rh4 30. Qc3 Bxc1 31. Qxf6+ Qf7 32. Qh8+ Qg8 33. Bxd6+
1-0

[Event "Jugend Mitropa Cup"]
[Site "Saint-Vincent"]
[Date "2001.09.15"]
[Round "1"]
[White "Vavrak, P."]
[Black "Zaragatski, I."]
[Result "1-0"]
[WhiteElo "2286"]
[BlackElo "2248"]
[PlyCount "95"]

1. c4 e5 2. Nc3 Nf6 3. g3 c6 4. d4 exd4 5. Qxd4 d5 6. Bg5 dxc4 7. Qxd8+ Kxd8 8.
O-O-O+ Ke8 9. e4 b5 10. e5 Nfd7 11. Nxb5 cxb5 12. Bg2 h6 13. Be3 Nxe5 14. Bxa8
Nd3+ 15. Rxd3 cxd3 16. Bxa7 Na6 17. Nf3 Bb4 18. a3 Bc5 19. Bxc5 Nxc5 20. b4
Nb3+ 21. Kb2 Be6 22. Be4 d2 23. Rd1 Ke7 24. Bc2 Bg4 25. Bxb3 Bxf3 26. Rxd2 Rc8
27. Rd3 Bg2 28. Bd5 Bxd5 29. Rxd5 Rb8 30. Kb3 Ke6 31. Rc5 Kd6 32. h4 Rb7 33. a4
bxa4+ 34. Kxa4 Rb8 35. Ra5 Rc8 36. Ra7 Ke6 37. Kb3 Rb8 38. Rc7 g6 39. Kc4 Ra8
40. b5 Ra2 41. b6 Rxf2 42. b7 Rc2+ 43. Kb5 Rxc7 44. b8=Q Re7 45. Qc8+ Kf6 46.
Qd8 Ke6 47. Kc6 Ra7 48. Qd6+ 1-0

[Event "Jugend Mitropa Cup"]
[Site "Saint-Vincent"]
[Date "2001.09.15"]
[Round "1"]
[White "Plachetka, J."]
[Black "Sakelsek, T."]
[Result "1/2-1/2"]
[WhiteElo "2443"]
[BlackElo "2202"]
[PlyCount "36"]

1. e4 c5 2. Nf3 e6 3. c3 Nf6 4. e5 Nd5 5. d4 cxd4 6. cxd4 b6 7. Nc3 Nxc3 8.
bxc3 Qc7 9. Bd2 Be7 10. Rc1 Bb7 11. Bd3 d6 12. O-O Nd7 13. Re1 dxe5 14. Nxe5
Nxe5 15. Rxe5 Bf6 16. Rh5 g6 17. Bb5+ Kf8 18. Rh3 h5 1/2-1/2

[Event "Jugend Mitropa Cup"]
[Site "Saint-Vincent"]
[Date "2001.09.16"]
[Round "2"]
[White "Mogranzini, R."]
[Black "Sakelsek, T."]
[Result "1/2-1/2"]
[WhiteElo "2104"]
[BlackElo "2202"]
[PlyCount "80"]

1. e4 c5 2. Nf3 e6 3. d4 cxd4 4. Nxd4 a6 5. Bd3 Qc7 6. O-O Nc6 7. Nxc6 bxc6 8.
c4 c5 9. f4 d6 10. Nc3 Ne7 11. b3 Nc6 12. Bb2 Be7 13. Qg4 Bf6 14. e5 h5 15. Qf3
Be7 16. exd6 Bxd6 17. Ne4 Bf8 18. Ng5 Bb7 19. Be4 Be7 20. Bxg7 Rg8 21. Bc3 Bxg5
22. fxg5 Rxg5 23. Qf6 Rg8 24. Rf2 Nd4 25. Bxb7 Qxb7 26. Bxd4 cxd4 27. Qxd4 Rd8
28. Qh4 Qa7 29. Qxh5 Rd2 30. Qf3 Rg5 31. Rd1 Rxa2 32. Qc6+ Kf8 33. Qd6+ Kg7 34.
Qd4+ Qxd4 35. Rxd4 Ra1+ 36. Rf1 Ra2 37. g3 f5 38. Rf2 Ra3 39. Rb2 Kf6 40. Kf2
Rg7 1/2-1/2

[Event "Jugend Mitropa Cup"]
[Site "Saint-Vincent"]
[Date "2001.09.16"]
[Round "2"]
[White "Zaragatski, I."]
[Black "Plachetka, J."]
[Result "0-1"]
[WhiteElo "2248"]
[BlackElo "2443"]
[PlyCount "56"]

1. e4 e5 2. Nf3 Nc6 3. Bb5 a6 4. Ba4 Nf6 5. O-O Be7 6. Re1 b5 7. Bb3 O-O 8. c3
d5 9. exd5 Nxd5 10. Nxe5 Nxe5 11. Rxe5 c6 12. d4 Bd6 13. Re1 Qh4 14. g3 Qh3 15.
Be3 Ra7 16. Qf3 Re7 17. Nd2 Rfe8 18. Bxd5 cxd5 19. a4 bxa4 20. Rxa4 h5 21. c4
Bd7 22. Ra2 dxc4 23. Nxc4 Bb4 24. Rea1 Bb5 25. Ne5 Bd6 26. Bf4 f6 27. Qd5+ Re6
28. Ng6 Bc6 0-1

[Event "Jugend Mitropa Cup"]
[Site "Saint-Vincent"]
[Date "2001.09.16"]
[Round "2"]
[White "Guidarelli, L."]
[Black "Vavrak, P."]
[Result "1-0"]
[WhiteElo "2323"]
[BlackElo "2286"]
[PlyCount "101"]

1. e4 e6 2. d4 d5 3. Nc3 Bb4 4. e5 b6 5. Qg4 Bf8 6. Nf3 Qd7 7. h4 Ba6 8. Bxa6
Nxa6 9. Bd2 Nb4 10. Rc1 h5 11. Qf4 c5 12. a3 Nc6 13. Ne2 Nge7 14. O-O Ng6 15.
Qg3 cxd4 16. Nexd4 Nxd4 17. Nxd4 Be7 18. Nf3 Rc8 19. Ng5 Rc4 20. f4 Bxg5 21.
hxg5 Ne7 22. b3 Rc6 23. Rfd1 Qc7 24. Qd3 O-O 25. c3 Rc8 26. Kf2 Nf5 27. Rh1 h4
28. Rh3 a5 29. Rch1 Kf8 30. a4 Ke7 31. Ke1 Ng3 32. Rxh4 Nxh1 33. Rxh1 Rxc3 34.
Bxc3 Qxc3+ 35. Qxc3 Rxc3 36. Rh3 Rc2 37. Rh8 Rb2 38. Rb8 Rxb3 39. Rb7+ Ke8 40.
Rb8+ Kd7 41. Rb7+ Kc6 42. Rxf7 Rb4 43. g6 Rxa4 44. g3 Ra2 45. Rxg7 Rg2 46. Re7
a4 47. Rxe6+ Kc5 48. Re7 a3 49. f5 Kd4 50. f6 Ke3 51. Kf1 1-0

[Event "Jugend Mitropa Cup"]
[Site "Saint-Vincent"]
[Date "2001.09.16"]
[Round "2"]
[White "Vaculik, M."]
[Black "Kuemin, S."]
[Result "1/2-1/2"]
[WhiteElo "2144"]
[BlackElo "2313"]
[PlyCount "85"]

1. e4 e6 2. d4 d5 3. Nd2 Nf6 4. e5 Nfd7 5. Bd3 c5 6. c3 Nc6 7. Ne2 cxd4 8. cxd4
f6 9. exf6 Nxf6 10. Nf3 Bd6 11. O-O O-O 12. Bg5 Bd7 13. Re1 Qc7 14. Nc3 a6 15.
Bh4 h6 16. Bg3 Nh5 17. Rc1 Nf4 18. Bb1 Be8 19. Bxf4 Bxf4 20. Qd3 g5 21. Rcd1
Rf6 22. Ne5 Bh5 23. f3 Rd8 24. Qe2 Bxe5 25. dxe5 Rf4 26. Qc2 Qg7 27. Ne2 Rc4
28. Qb3 Qe7 29. Ng3 Be8 30. Ne4 Qg7 31. Nf6+ Kh8 32. Qd3 Rd4 33. Qc3 Rxd1 34.
Rxd1 Bg6 35. Bxg6 Qxg6 36. Qc5 Qf5 37. Qb6 Qxe5 38. Qxb7 Qxf6 39. Qxc6 Qxb2 40.
Qxe6 Qg7 41. Qxa6 d4 42. a4 d3 43. Rxd3 1/2-1/2

[Event "Jugend Mitropa Cup"]
[Site "Saint-Vincent"]
[Date "2001.09.16"]
[Round "2"]
[White "Berkes, F."]
[Black "Santo-Roman, M."]
[Result "1/2-1/2"]
[WhiteElo "2525"]
[BlackElo "2426"]
[PlyCount "148"]

1. Nf3 f5 2. g3 Nf6 3. Bg2 g6 4. O-O Bg7 5. c4 O-O 6. d4 d6 7. d5 a5 8. Nc3 Na6
9. Nd4 Nc5 10. b3 Bd7 11. Bb2 Rc8 12. e3 c6 13. Nce2 e5 14. dxe6 Bxe6 15. Nxe6
Nxe6 16. Qc1 Qc7 17. Rd1 Rcd8 18. a3 Qb6 19. Rb1 Rfe8 20. Bc3 Nc5 21. Qb2 Kf7
22. b4 axb4 23. axb4 Nce4 24. Bd4 Qc7 25. Nc3 Kg8 26. Na4 Qf7 27. Nb6 Ng4 28.
Bxg7 Qxg7 29. Qxg7+ Kxg7 30. Rb2 Kf7 31. Ra1 Ngf6 32. Ra7 Re7 33. f3 Nc3 34.
Rd2 Rxe3 35. Rxb7+ Re7 36. Rxe7+ Kxe7 37. Bf1 d5 38. Rd3 Na2 39. Re3+ Kf7 40.
b5 d4 41. Ra3 Nb4 42. Rb3 c5 43. Na4 d3 44. Nxc5 d2 45. Be2 d1=Q+ 46. Bxd1
Rxd1+ 47. Kf2 Nc2 48. b6 Rd2+ 49. Kf1 Nd4 50. b7 Nxb3 51. b8=Q Nxc5 52. Qb4
Rf2+ 53. Kg1 Nfd7 54. Qc3 Re2 55. Qd4 h5 56. h3 Ra2 57. g4 fxg4 58. fxg4 hxg4
59. hxg4 Ke6 60. Qd5+ Ke7 61. g5 Re2 62. Qg8 Ne5 63. Qg7+ Ke6 64. Qf6+ Kd7 65.
Qg7+ Ke6 66. Qf6+ Kd7 67. Kf1 Re4 68. Qg7+ Ke6 69. Qg8+ Kf5 70. Qf8+ Kg4 71.
Qxc5 Re1+ 72. Kg2 Re2+ 73. Kf1 Re1+ 74. Kg2 Re2+ 1/2-1/2

[Event "Jugend Mitropa Cup"]
[Site "Saint-Vincent"]
[Date "2001.09.17"]
[Round "3"]
[White "Santo-Roman, M."]
[Black "Mogranzini, R."]
[Result "1-0"]
[WhiteElo "2426"]
[BlackElo "2104"]
[PlyCount "48"]

1. e4 c5 2. Nf3 d6 3. d4 cxd4 4. Nxd4 Nf6 5. Nc3 a6 6. f4 e5 7. Nf3 Nbd7 8. Bc4
Qc7 9. Qe2 Be7 10. a4 O-O 11. O-O b6 12. Nh4 exf4 13. Bxf4 Ne5 14. Bd5 Rb8 15.
Kh1 b5 16. axb5 axb5 17. Bb3 b4 18. Nd1 Bd7 19. Nf2 Be6 20. Nf5 Rfe8 21. Bxe5
dxe5 22. Ng4 Nd7 23. Ngh6+ gxh6 24. Bxe6 Bg5 1-0

[Event "Jugend Mitropa Cup"]
[Site "Saint-Vincent"]
[Date "2001.09.17"]
[Round "3"]
[White "Sakelsek, T."]
[Black "Zaragatski, I."]
[Result "1/2-1/2"]
[WhiteElo "2202"]
[BlackElo "2248"]
[PlyCount "81"]

1. e4 e6 2. d4 d5 3. e5 c5 4. c3 Nc6 5. Nf3 Nge7 6. Bd3 cxd4 7. cxd4 Nf5 8.
Bxf5 exf5 9. h4 h6 10. Nc3 Be6 11. Kf1 Be7 12. Be3 Qb6 13. Qd2 O-O-O 14. h5 Kb8
15. b3 Rc8 16. Na4 Qb5+ 17. Qe2 Qxe2+ 18. Kxe2 Nb4 19. Nc5 b6 20. Nxe6 fxe6 21.
Bd2 Rc2 22. a3 Na2 23. Kd3 Rhc8 24. Rhb1 Bg5 25. Nxg5 hxg5 26. b4 Kb7 27. Rh1
Ka6 28. h6 gxh6 29. Rxh6 Rb2 30. Rxe6 Rb3+ 31. Ke2 Rc2 32. Ke1 Rbb2 33. Rd1 Nc3
34. Bxc3 Re2+ 35. Kf1 Rxf2+ 36. Kg1 Rxg2+ 37. Kf1 Rgf2+ 38. Kg1 Rg2+ 39. Kf1
Rbf2+ 40. Ke1 Re2+ 41. Kf1 1/2-1/2

[Event "Jugend Mitropa Cup"]
[Site "Saint-Vincent"]
[Date "2001.09.17"]
[Round "3"]
[White "Plachetka, J."]
[Black "Guidarelli, L."]
[Result "1/2-1/2"]
[WhiteElo "2443"]
[BlackElo "2323"]
[PlyCount "55"]

1. Nf3 Nf6 2. g3 b6 3. Bg2 Bb7 4. O-O c5 5. d3 e6 6. e4 d5 7. exd5 Nxd5 8. Re1
Nc6 9. c3 Be7 10. a4 O-O 11. Na3 Bf6 12. Nc4 Qc7 13. Bg5 Rfd8 14. Qb3 Rab8 15.
a5 Ba8 16. axb6 axb6 17. Na3 Na5 18. Qa4 Bc6 19. Qh4 h6 20. Bxf6 Nxf6 21. Ne5
Bxg2 22. Kxg2 Rd5 23. Nb5 Qb7 24. Kg1 Nc6 25. d4 cxd4 26. Nxc6 Qxc6 27. Nxd4
Qd7 28. Qf4 1/2-1/2

[Event "Jugend Mitropa Cup"]
[Site "Saint-Vincent"]
[Date "2001.09.17"]
[Round "3"]
[White "Vavrak, P."]
[Black "Vaculik, M."]
[Result "1-0"]
[WhiteElo "2286"]
[BlackElo "2144"]
[PlyCount "69"]

1. c4 e5 2. Nc3 Nc6 3. g3 d6 4. Bg2 Be6 5. d3 Qd7 6. a3 g6 7. Nd5 Bg7 8. Nf3 h6
9. O-O Nd8 10. Re1 c6 11. Nc3 Ne7 12. e4 O-O 13. Be3 f5 14. Qd2 Kh7 15. d4 fxe4
16. Nxe4 Bxc4 17. dxe5 Bd5 18. Bd4 Nf5 19. Bc3 Ne6 20. g4 Ne7 21. exd6 Nc8 22.
Bxg7 Nxg7 23. Qd4 Bxe4 24. Ne5 Qxd6 25. Qxe4 Qf6 26. Qc2 Re8 27. Nd7 Rxe1+ 28.
Rxe1 Qd6 29. Ne5 Ne7 30. h4 h5 31. Nf7 Qf6 32. Ng5+ Kh8 33. Rxe7 Qxe7 34. Qxg6
Qe1+ 35. Bf1 1-0

[Event "Jugend Mitropa Cup"]
[Site "Saint-Vincent"]
[Date "2001.09.17"]
[Round "3"]
[White "Kuemin, S."]
[Black "Berkes, F."]
[Result "1/2-1/2"]
[WhiteElo "2313"]
[BlackElo "2525"]
[PlyCount "47"]

1. e4 e6 2. d4 d5 3. Nd2 Nf6 4. e5 Nfd7 5. Bd3 c5 6. c3 Nc6 7. Ne2 cxd4 8. cxd4
f6 9. exf6 Nxf6 10. O-O Bd6 11. Nf3 Qb6 12. b3 O-O 13. Bf4 Bxf4 14. Nxf4 Ne4
15. g3 Nxd4 16. Bxe4 dxe4 17. Nxd4 e5 18. Nde6 Bxe6 19. Nxe6 Qxe6 20. Qe2 Qf5
21. Qc4+ Rf7 22. Rae1 Rc8 23. Qd5 b6 24. Qxe4 1/2-1/2

[Event "Jugend Mitropa Cup"]
[Site "Saint-Vincent"]
[Date "2001.09.18"]
[Round "4"]
[White "Guidarelli, L."]
[Black "Sakelsek, T."]
[Result "0-1"]
[WhiteElo "2323"]
[BlackElo "2202"]
[PlyCount "64"]

1. e4 c5 2. Nc3 e6 3. f4 Nc6 4. Nf3 d5 5. Bb5 Nf6 6. e5 Nd7 7. Bxc6 bxc6 8. O-O
Ba6 9. d3 c4 10. d4 g6 11. Be3 Be7 12. Ne2 h5 13. g3 Kf8 14. c3 Rb8 15. Rb1 c5
16. dxc5 Nxc5 17. Bxc5 Bxc5+ 18. Ned4 Kg7 19. Kg2 Qb6 20. h3 Bc8 21. Qe1 Bd7
22. g4 hxg4 23. hxg4 Rbg8 24. Qf2 Qd8 25. b4 cxb3 26. Rxb3 Qc7 27. Rfb1 Bb6 28.
Ng5 Qc4 29. Rd1 Ba4 30. f5 gxf5 31. gxf5 Kf8 32. Ndxe6+ fxe6 0-1

[Event "Jugend Mitropa Cup"]
[Site "Saint-Vincent"]
[Date "2001.09.18"]
[Round "4"]
[White "Santo-Roman, M."]
[Black "Kuemin, S."]
[Result "1-0"]
[WhiteElo "2426"]
[BlackElo "2313"]
[PlyCount "29"]

1. e4 e6 2. d4 d5 3. Nc3 Bb4 4. e5 c5 5. a3 Bxc3+ 6. bxc3 Ne7 7. Qg4 O-O 8. Bd3
Nbc6 9. Bg5 Qa5 10. Ne2 b6 11. h4 Ba6 12. Bf6 Ng6 13. Bxa6 h5 14. Qxh5 Qxa6 15.
Qg5 1-0

[Event "Jugend Mitropa Cup"]
[Site "Saint-Vincent"]
[Date "2001.09.18"]
[Round "4"]
[White "Vaculik, M."]
[Black "Plachetka, J."]
[Result "0-1"]
[WhiteElo "2144"]
[BlackElo "2443"]
[PlyCount "64"]

1. e4 c5 2. Nf3 d6 3. d4 cxd4 4. Nxd4 Nf6 5. Nc3 Nc6 6. Be2 e5 7. Nf3 Be7 8.
O-O O-O 9. h3 a6 10. a4 Be6 11. Ng5 Rc8 12. Kh1 Nd4 13. Nxe6 fxe6 14. Bd3 Qe8
15. Be3 Nh5 16. Bxd4 exd4 17. Ne2 e5 18. b3 Kh8 19. g3 Nf6 20. Ng1 Qg6 21. Qe2
d5 22. exd5 e4 23. Bc4 Bd6 24. Rad1 e3 25. Rxd4 exf2 26. Rxf2 Nh5 27. Rxf8+
Rxf8 28. Qg4 Nxg3+ 29. Kg2 Qxc2+ 30. Ne2 Nf5 31. Re4 g6 32. Kh1 Qb1+ 0-1

[Event "Jugend Mitropa Cup"]
[Site "Saint-Vincent"]
[Date "2001.09.18"]
[Round "4"]
[White "Berkes, F."]
[Black "Vavrak, P."]
[Result "0-1"]
[WhiteElo "2525"]
[BlackElo "2286"]
[PlyCount "72"]

1. Nf3 Nf6 2. c4 c5 3. g3 b6 4. Bg2 Bb7 5. O-O e6 6. Nc3 Be7 7. d4 cxd4 8. Qxd4
O-O 9. Rd1 Nc6 10. Qf4 d6 11. b3 Qb8 12. Bb2 a6 13. Rac1 Ra7 14. Ng5 h6 15.
Nge4 Rd8 16. Ba3 Nxe4 17. Nxe4 f5 18. Nd2 Bg5 19. Qf3 Ne5 20. Qc3 Bxg2 21. Kxg2
Qa8+ 22. Kg1 Nf7 23. h4 Bf6 24. Qe3 b5 25. Qxe6 Re7 26. Qxf5 Rxe2 27. Qd3 Rde8
28. c5 dxc5 29. Bxc5 R2e6 30. Nf3 Kh8 31. a3 Bb2 32. Rc2 Rd8 33. Qf1 Qxf3 34.
Rxd8+ Nxd8 35. Rd2 Nb7 36. Ba7 Bxa3 0-1

[Event "Jugend Mitropa Cup"]
[Site "Saint-Vincent"]
[Date "2001.09.18"]
[Round "4"]
[White "Mogranzini, R."]
[Black "Zaragatski, I."]
[Result "0-1"]
[WhiteElo "2104"]
[BlackElo "2248"]
[PlyCount "128"]

1. d4 d5 2. Nf3 e6 3. c3 c5 4. Bf4 Nc6 5. e3 Nf6 6. Nbd2 Be7 7. h3 O-O 8. Bd3
b6 9. O-O Bb7 10. Ne5 a6 11. Rc1 Nxe5 12. dxe5 Nd7 13. Qg4 Kh8 14. Rfd1 Rc8 15.
Qe2 b5 16. Nf3 f5 17. exf6 Bxf6 18. Bd6 Re8 19. Bg3 e5 20. e4 d4 21. c4 b4 22.
b3 Nf8 23. Ra1 a5 24. Qd2 Ng6 25. Re1 Bc6 26. a3 Qb6 27. Ra2 Ra8 28. a4 Qd8 29.
Kf1 Nh4 30. Bxh4 Bxh4 31. g3 Bf6 32. Kg1 Rf8 33. Bf1 Ra7 34. Bg2 Raf7 35. Qd3
Qe7 36. Rf1 Bg5 37. Kh2 Bh6 38. Re2 Rf6 39. Ne1 Be8 40. Ra2 Bh5 41. f3 Kg8 42.
Qe2 Kf7 43. Nd3 Be3 44. Qd1 Ke8 45. Rc2 Kd8 46. Ra2 Kc7 47. Rc2 Kb6 48. Ra2 Be8
49. Ne1 h5 50. Nc2 Bh6 51. Qd3 Rg6 52. Qd1 Qg5 53. Qe1 h4 54. g4 d3 55. Na1 Bc6
56. Kh1 Rd6 57. Rff2 Qf4 58. Rad2 Qg3 59. Kg1 Bxd2 60. Qxd2 Bxe4 61. Nc2 Rxf3
62. Rxf3 Bxf3 63. Ne3 Bxg2 64. Nxg2 Qxh3 0-1

[Event "Jugend Mitropa Cup"]
[Site "Saint-Vincent"]
[Date "2001.09.20"]
[Round "6"]
[White "Mogranzini, R."]
[Black "Guidarelli, L."]
[Result "0-1"]
[WhiteElo "2104"]
[BlackElo "2323"]
[PlyCount "108"]

1. e4 c5 2. Nf3 Nc6 3. d4 cxd4 4. Nxd4 e5 5. Nb5 d6 6. c4 Be7 7. N1c3 a6 8. Na3
f5 9. exf5 Bxf5 10. Be2 Nf6 11. Be3 O-O 12. O-O Kh8 13. Nd5 Nxd5 14. cxd5 Nb4
15. Qb3 a5 16. Bd2 Be4 17. Bxb4 axb4 18. Nc2 Bxc2 19. Qxc2 Qb6 20. g3 Ra5 21.
Qe4 b3 22. Bd3 g6 23. a3 Qc5 24. Rac1 Qxd5 25. Rc7 Qxe4 26. Bxe4 Bf6 27. Rxb7
d5 28. Bb1 e4 29. Rxb3 Rc5 30. Rb6 Bd4 31. Kg2 Rc1 32. Rxc1 Rxf2+ 33. Kh3 Bxb6
34. b4 Rb2 35. Rd1 Kg7 36. Kg4 Kf7 37. a4 Ke6 38. a5 Ba7 39. Kf4 Bb8+ 40. Ke3
Ke5 41. Bxe4 dxe4 42. Rd7 Rb3+ 43. Ke2 Rxb4 44. Rxh7 Rb2+ 45. Ke1 Ra2 46. Rg7
Rxa5 47. Rxg6 Ra1+ 48. Ke2 Ra2+ 49. Kd1 Rxh2 50. Rg8 Bd6 51. g4 Kf4 52. g5 e3
53. Re8 Rg2 54. Re6 Be5 0-1

[Event "Jugend Mitropa Cup"]
[Site "Saint-Vincent"]
[Date "2001.09.20"]
[Round "6"]
[White "Vaculik, M."]
[Black "Zaragatski, I."]
[Result "1-0"]
[WhiteElo "2144"]
[BlackElo "2248"]
[PlyCount "95"]

1. e4 e6 2. d3 d5 3. Qe2 Nf6 4. e5 Nfd7 5. Nf3 c5 6. g3 Nc6 7. Bg2 Qc7 8. Bf4
b6 9. c4 d4 10. O-O Bb7 11. Na3 h6 12. h4 O-O-O 13. Rfe1 Be7 14. Nd2 a6 15. Ne4
Qb8 16. Nc2 Qa8 17. Nd6+ Bxd6 18. exd6 e5 19. Bd2 f5 20. b4 e4 21. dxe4 Nce5
22. f4 d3 23. Qf1 fxe4 24. fxe5 Rhf8 25. Bf4 Nxe5 26. Ne3 Nd7 27. h5 cxb4 28.
Nd5 Bxd5 29. cxd5 Qxd5 30. Bxe4 Qd4+ 31. Qf2 Qxf2+ 32. Kxf2 d2 33. Re3 Nf6 34.
Bf3 Nxh5 35. Bxh5 g5 36. Rd3 gxf4 37. Rxd2 fxg3+ 38. Kxg3 Rg8+ 39. Kh4 a5 40.
Rc1+ Kb7 41. d7 Rg5 42. Bf3+ Ka6 43. Rc8 Rgg8 44. Rxd8 Rxd8 45. Bc6 b5 46. Rd5
Kb6 47. Bxb5 Kc7 48. Re5 1-0

[Event "Jugend Mitropa Cup"]
[Site "Saint-Vincent"]
[Date "2001.09.20"]
[Round "6"]
[White "Berkes, F."]
[Black "Sakelsek, T."]
[Result "1-0"]
[WhiteElo "2525"]
[BlackElo "2202"]
[PlyCount "99"]

1. c4 e6 2. Nf3 c5 3. Nc3 Nf6 4. g3 b6 5. Bg2 Bb7 6. O-O Be7 7. Re1 d6 8. e4
Nbd7 9. Rb1 Rc8 10. d3 O-O 11. a3 a6 12. Bd2 Qc7 13. b4 cxb4 14. axb4 Rfd8 15.
Qb3 h6 16. h3 Bf8 17. Rbc1 Qb8 18. Be3 Be7 19. Nd4 Ne5 20. Red1 g5 21. Kh1 Kh7
22. Rb1 Nfd7 23. Qc2 Ng6 24. Rdc1 Bf6 25. b5 Bxd4 26. Bxd4 a5 27. Qe2 Nc5 28.
Be3 Kg7 29. f4 f6 30. Rf1 e5 31. Rf2 Qc7 32. Rbf1 Rf8 33. Qd1 Rce8 34. Na4 Nxa4
35. Qxa4 gxf4 36. gxf4 Nxf4 37. Bxf4 exf4 38. Rxf4 Qc5 39. Qd1 Bc8 40. Qf3 Qd4
41. Qg3+ Kh7 42. Qh4 f5 43. exf5 Qf6 44. Qf2 Rg8 45. Bd5 Rg5 46. Rf3 Re7 47.
Qxb6 Rxf5 48. Rxf5 Bxf5 49. Qf2 Re5 50. d4 1-0

[Event "Jugend Mitropa Cup"]
[Site "Saint-Vincent"]
[Date "2001.09.20"]
[Round "6"]
[White "Santo-Roman, M."]
[Black "Plachetka, J."]
[Result "1-0"]
[WhiteElo "2425"]
[BlackElo "2443"]
[PlyCount "183"]

1. e4 e5 2. Nf3 Nc6 3. d4 exd4 4. Nxd4 Bc5 5. Nxc6 Qf6 6. Qd2 dxc6 7. Nc3 Be6
8. Na4 Rd8 9. Bd3 Bd4 10. O-O a6 11. Qa5 b5 12. Nc3 Bb6 13. Qxa6 Nh6 14. Be3
Ng4 15. Bxb6 Qf4 16. g3 Qh6 17. h4 cxb6 18. Qxb6 O-O 19. Qc5 Qf6 20. Qg5 Qd4
21. Rad1 h6 22. Qc1 Qc5 23. a3 Ne5 24. Be2 Rb8 25. Qe3 Qxe3 26. fxe3 Rfc8 27.
Rd6 Rc7 28. Nd1 Ra8 29. Nf2 g6 30. Rfd1 Kg7 31. Rd8 Rxd8 32. Rxd8 h5 33. Nd3
Nc4 34. Kf2 Kf6 35. Bf3 Ke7 36. Ra8 Kd6 37. b4 Ne5 38. Nc5 Nc4 39. Be2 Ne5 40.
a4 bxa4 41. Rxa4 Bc4 42. Bd3 Be6 43. Ra5 Bg4 44. Ba6 Re7 45. Nd3 Nd7 46. e5+
Nxe5 47. Nxe5 Rxe5 48. Rxe5 Kxe5 49. Bc4 Bf5 50. Bd3 Bd7 51. c4 Be6 52. Ke2 Bd7
53. Kd2 Kd6 54. c5+ Ke5 55. Bf1 f6 56. Bg2 g5 57. Bf3 Be8 58. Kc3 gxh4 59. gxh4
f5 60. Kd2 f4 61. Kd3 Bg6+ 62. Kd2 Be8 63. Ke2 Kf5 64. Kf2 Ke5 65. Bg2 Bd7 66.
Bf3 Be8 67. Bh1 Bd7 68. Bg2 Be8 69. Kf3 fxe3 70. Kxe3 Bd7 71. Bf3 Be8 72. Be4
Bd7 73. Bf3 Be8 74. Be4 Bd7 75. Bg6 Bg4 76. Bf7 Bd1 77. Be8 Kd5 78. Bf7+ Ke5
79. Bg6 Bg4 80. Be8 Kd5 81. Kd3 Bf5+ 82. Kc3 Bg4 83. Kb3 Bf3 84. Ka4 Ke6 85.
Ka5 Ke7 86. Bg6 Kf6 87. Be8 Ke7 88. Bg6 Kf6 89. Bc2 Ke5 90. Kb6 Kf4 91. Ba4 Kg3
92. Bxc6 1-0

[Event "Jugend Mitropa Cup"]
[Site "Saint-Vincent"]
[Date "2001.09.20"]
[Round "6"]
[White "Kuemin, S."]
[Black "Vavrak, P."]
[Result "1/2-1/2"]
[WhiteElo "2313"]
[BlackElo "2286"]
[PlyCount "27"]

1. e4 e5 2. Nf3 Nc6 3. Nc3 Nf6 4. d4 exd4 5. Nd5 Nxd5 6. exd5 Bb4+ 7. Bd2 Qe7+
8. Qe2 Bxd2+ 9. Kxd2 Qxe2+ 10. Bxe2 Nb4 11. Rhe1 O-O 12. Bc4 b5 13. Bxb5 Nxd5
14. Nxd4 1/2-1/2

[Event "Jugend Mitropa Cup"]
[Site "Saint-Vincent"]
[Date "2001.09.21"]
[Round "7"]
[White "Vavrak, P."]
[Black "Mogranzini, R."]
[Result "1/2-1/2"]
[WhiteElo "2286"]
[BlackElo "2104"]
[PlyCount "83"]

1. c4 Nf6 2. Nc3 g6 3. g3 Bg7 4. Bg2 O-O 5. d4 d6 6. Nf3 Nc6 7. d5 Na5 8. Nd2
c5 9. O-O a6 10. Rb1 Rb8 11. b3 b5 12. Qc2 e6 13. Bb2 e5 14. h3 Bf5 15. e4 Bd7
16. Kh2 Bh6 17. f4 exf4 18. gxf4 Nh5 19. Ne2 bxc4 20. bxc4 Rb4 21. Bc1 Qb8 22.
Rxb4 cxb4 23. Nb3 Nb7 24. Bf3 Ng7 25. Bb2 a5 26. Nbc1 Qc8 27. Nd3 Bxh3 28. Rg1
Bd7 29. Kg3 Ne8 30. Nd4 Bg7 31. Rh1 h5 32. Ba1 Bg4 33. Nc6 Qd7 34. Qe2 Bxf3 35.
Qxf3 Bxa1 36. Rxa1 Ng7 37. Rb1 Re8 38. Nf2 Nc5 39. Nxa5 Ra8 40. Nc6 Ra3 41. Rb3
Nxb3 42. axb3 1/2-1/2

[Event "Jugend Mitropa Cup"]
[Site "Saint-Vincent"]
[Date "2001.09.20"]
[Round "7"]
[White "Sakelsek, T."]
[Black "Santo-Roman, M."]
[Result "0-1"]
[WhiteElo "2202"]
[BlackElo "2425"]
[PlyCount "70"]

1. e4 Nf6 2. e5 Nd5 3. d4 d6 4. Nf3 g6 5. Bc4 Nb6 6. Bb3 Bg7 7. a4 dxe5 8. a5
N6d7 9. Bxf7+ Kxf7 10. Ng5+ Kg8 11. Qf3 Nf6 12. dxe5 Bg4 13. exf6 Bxf3 14. f7+
Kf8 15. Ne6+ Kxf7 16. Nxd8+ Rxd8 17. gxf3 Nc6 18. Ke2 Nb4 19. Na3 Rd5 20. c3
Nd3 21. Nc4 Nxc1+ 22. Rhxc1 Rad8 23. Rd1 Ke8 24. Rxd5 Rxd5 25. h3 Rh5 26. a6 b6
27. Ne3 Rxh3 28. Nd5 Be5 29. Rd1 Rh4 30. b4 e6 31. Ne3 Bxc3 32. Rc1 Be5 33. Nc4
Bf4 34. Rc2 Kd7 35. Na3 Bd6 0-1

[Event "Jugend Mitropa Cup"]
[Site "Saint-Vincent"]
[Date "2001.09.20"]
[Round "7"]
[White "Plachetka, J."]
[Black "Kuemin, S."]
[Result "1-0"]
[WhiteElo "2443"]
[BlackElo "2313"]
[PlyCount "85"]

1. d4 Nf6 2. Nf3 g6 3. Bg5 Bg7 4. Nbd2 d6 5. e4 O-O 6. c3 c5 7. dxc5 dxc5 8.
Bc4 Nc6 9. O-O Qc7 10. h3 h6 11. Be3 b6 12. Re1 Bb7 13. Qc2 Na5 14. Bf1 e5 15.
Rac1 Rac8 16. Qb1 c4 17. b4 cxb3 18. axb3 Rfd8 19. b4 Nc6 20. Qa2 Rd7 21. Bb5
Qb8 22. Ba6 Ne8 23. Bxb7 Qxb7 24. b5 Nd8 25. c4 Ne6 26. Rc3 Nd6 27. Ra3 Nxe4
28. Nxe4 Qxe4 29. Bxh6 Qxc4 30. Qxc4 Rxc4 31. Bxg7 Nxg7 32. Nxe5 Re7 33. Rxa7
Rxa7 34. Nxc4 Ne6 35. Rd1 Nc7 36. Rd8+ Kg7 37. Nd6 Ra5 38. Rd7 Nxb5 39. Rxf7+
Kh6 40. Nc4 Ra1+ 41. Kh2 Rb1 42. Rf6 Nc3 43. Rxb6 1-0

[Event "Jugend Mitropa Cup"]
[Site "Saint-Vincent"]
[Date "2001.09.20"]
[Round "7"]
[White "Guidarelli, L."]
[Black "Vaculik, M."]
[Result "1/2-1/2"]
[WhiteElo "2323"]
[BlackElo "2144"]
[PlyCount "69"]

1. d4 e6 2. Nf3 Nf6 3. Bg5 c5 4. e3 cxd4 5. exd4 Nc6 6. Nbd2 Be7 7. c3 b6 8.
Bd3 a5 9. Bxf6 Bxf6 10. Qe2 d5 11. h4 h5 12. g3 Bb7 13. Ne5 Bxe5 14. dxe5 Qc8
15. O-O Ba6 16. Bxa6 Qxa6 17. Qe3 Rd8 18. Nf3 Qc4 19. b3 Qc5 20. Qf4 O-O 21.
Rae1 f6 22. exf6 Rxf6 23. Qe3 d4 24. cxd4 Nxd4 25. Nxd4 Qxd4 26. Qe2 Qd2 27. f3
Rg6 28. Kh2 Qb4 29. Rd1 Rf8 30. f4 Rf5 31. Rd8+ Kh7 32. Re8 Qc3 33. Rf3 Qc6 34.
Re7 Qd6 35. Re8 1/2-1/2